Philippines 8 provinces - Statistics

General Stats
  • This quiz has been taken 36 times
  • The average score is 4 of 8
Answer Stats
Hint Answer % Correct
Capital of the Philippines Manila
94%
Has the biggest lake in The Philippines Laguna
55%
It was established in August 15, 1578 Bulacan
45%
It has the most Philippines Heros Cavite
45%
I live there since I am Filipino Batangas
42%
It produces The most Rice in the Philippines Nueva Ecija
39%
It has A rich valley Pampanga
39%
it has a population of 29,901 people Morong
3%
No matching quizzes found
Score Distribution
Percent of People with Each Score
Percentile by Number Answered
Your Score History
You have not taken this quiz